<?xml version="1.0" encoding="UTF-8"?><?xml-stylesheet type="text/xsl" href="static/style.xsl"?><OAI-PMH xmlns="http://www.openarchives.org/OAI/2.0/" xmlns:xsi="http://www.w3.org/2001/XMLSchema-instance" xsi:schemaLocation="http://www.openarchives.org/OAI/2.0/ http://www.openarchives.org/OAI/2.0/OAI-PMH.xsd"><responseDate>2026-04-17T03:30:48Z</responseDate><request verb="GetRecord" identifier="oai:www.recercat.cat:2117/113161" metadataPrefix="marc">https://recercat.cat/oai/request</request><GetRecord><record><header><identifier>oai:recercat.cat:2117/113161</identifier><datestamp>2026-01-14T11:54:50Z</datestamp><setSpec>com_2072_1033</setSpec><setSpec>col_2072_452950</setSpec></header><metadata><record xmlns="http://www.loc.gov/MARC21/slim" xmlns:dcterms="http://purl.org/dc/terms/" xmlns:xsi="http://www.w3.org/2001/XMLSchema-instance" xmlns:doc="http://www.lyncode.com/xoai" xsi:schemaLocation="http://www.loc.gov/MARC21/slim http://www.loc.gov/standards/marcxml/schema/MARC21slim.xsd">
   <leader>00925njm 22002777a 4500</leader>
   <datafield ind2=" " ind1=" " tag="042">
      <subfield code="a">dc</subfield>
   </datafield>
   <datafield ind2=" " ind1=" " tag="720">
      <subfield code="a">Shariati, Mohammad Behnam</subfield>
      <subfield code="e">author</subfield>
   </datafield>
   <datafield ind2=" " ind1=" " tag="720">
      <subfield code="a">Rivas Moscoso, José Manuel</subfield>
      <subfield code="e">author</subfield>
   </datafield>
   <datafield ind2=" " ind1=" " tag="720">
      <subfield code="a">Marom, Dan M.</subfield>
      <subfield code="e">author</subfield>
   </datafield>
   <datafield ind2=" " ind1=" " tag="720">
      <subfield code="a">Ben Ezra, Shalva</subfield>
      <subfield code="e">author</subfield>
   </datafield>
   <datafield ind2=" " ind1=" " tag="720">
      <subfield code="a">Klonidis, Dimitrios</subfield>
      <subfield code="e">author</subfield>
   </datafield>
   <datafield ind2=" " ind1=" " tag="720">
      <subfield code="a">Velasco Esteban, Luis Domingo</subfield>
      <subfield code="e">author</subfield>
   </datafield>
   <datafield ind2=" " ind1=" " tag="720">
      <subfield code="a">Tomkos, Ioannis</subfield>
      <subfield code="e">author</subfield>
   </datafield>
   <datafield ind2=" " ind1=" " tag="260">
      <subfield code="c">2017-07-01</subfield>
   </datafield>
   <datafield ind2=" " ind1=" " tag="520">
      <subfield code="a">© 2017 IEEE. Personal use of this material is permitted. Permission from IEEE must be obtained for all other uses, in any current or future media, including reprinting/republishing this material for advertising or promotional purposes,creating new collective works, for resale or redistribution to servers or lists, or reuse of any copyrighted component of this work in other works.</subfield>
   </datafield>
   <datafield ind2=" " ind1=" " tag="520">
      <subfield code="a">Spatially integrated switching architectures have been recently investigated in an attempt to provide switching capability for networks based on spatial division multiplexing (SDM) fibers, as well as to reduce the implementation cost. These architectures rely on the following switching paradigms, furnishing different degrees of spectral and spatial switching granularity: independent switching, which offers full spatial-spectral flexibility; joint-switching, which treats all spatial modes as a single entity; and fractional-joint switching, whereby subgroups of spatial modes are switched together as independent units. The last two paradigms are categorized as spatial group switching solutions since the spatial resources (modes, cores, or single-mode fibers) are switched in groups. In this paper, we compare the performance (in terms of spectral utilization, data occupancy, and network switching infrastructure cost) of the SDM switching paradigms listed above for varying spatial and spectral switching granularities in a network planning scenario. The spatial granularity is related to the grouping of the spatial resources, whereas the spectral granularity depends on the channel baud rate and the spectral resolution supported by wavelength selective switches (WSS). We consider two WSS technologies for handling of the SDM switching paradigms: 1) the current WSS realization, 2) WSS technology with a factor-two resolution improvement. Bundles of single-mode fibers are assumed across all links as a near-term SDM solution. Results show that the performance of all switching paradigms converge as the size of the traffic demands increases, but finer spatial and spectral granularity can lead to significant performance improvement for small traffic demands. Additionally, we demonstrate that spectral switching granularity must be adaptable with respect to the size of the traffic in order to have a globally optimum spectrum utilization in an SDM network. Finally, we calculate the number of required WSSs and their port count for each of the switching architectures under evaluation, and estimate the switching-related cost of an SDM network, assuming the current WSS realization as well as the improved resolution WSS technology.</subfield>
   </datafield>
   <datafield ind2=" " ind1=" " tag="520">
      <subfield code="a">Peer Reviewed</subfield>
   </datafield>
   <datafield ind2=" " ind1=" " tag="520">
      <subfield code="a">Postprint (author's final draft)</subfield>
   </datafield>
   <datafield tag="653" ind2=" " ind1=" ">
      <subfield code="a">Àrees temàtiques de la UPC::Enginyeria de la telecomunicació::Telecomunicació òptica</subfield>
   </datafield>
   <datafield tag="653" ind2=" " ind1=" ">
      <subfield code="a">Optical communications</subfield>
   </datafield>
   <datafield tag="653" ind2=" " ind1=" ">
      <subfield code="a">SDM networks</subfield>
   </datafield>
   <datafield tag="653" ind2=" " ind1=" ">
      <subfield code="a">Spatial and spectral granularity</subfield>
   </datafield>
   <datafield tag="653" ind2=" " ind1=" ">
      <subfield code="a">Superchannel switching</subfield>
   </datafield>
   <datafield tag="653" ind2=" " ind1=" ">
      <subfield code="a">WSS</subfield>
   </datafield>
   <datafield tag="653" ind2=" " ind1=" ">
      <subfield code="a">Comunicacions òptiques</subfield>
   </datafield>
   <datafield ind2="0" ind1="0" tag="245">
      <subfield code="a">Impact of spatial and spectral granularity on the performance of SDM networks based on spatial superchannel switching</subfield>
   </datafield>
</record></metadata></record></GetRecord></OAI-PMH>